000 02100cam a22005414i 4500
003 PE-LiUPU
005 20250731180131.0
008 150625s r 000 0 d
020 _a8420529885
035 _a(Sirsi) i9788420529882
040 _aPE-LiUPU
_bspa
_cPE-LiUPU
_erda
049 _aPRUA
082 0 4 _a545.072
_bR91
_221
100 1 _aRubinson, Kenneth A.,
_eautor.
245 1 0 _aAnálisis instrumental /
_cKenneth A. Rubinson y Judith F. Rubinson.
264 1 _aMadrid :
_bPearson Educación ,
_c2001.
300 _a847 páginas :
_bilustraciones, tabls, figuras ;
_c25 centímetros
336 _atext
_2rdacontent
337 _aunmediated
_2rdamedia
338 _avolume
_2rdacarrier
504 _aIncluye referencias bibliográficas al final de cada capítulo.
505 0 _aEnsayos estadísticos y análisis de errores. -Muestreo. -Tratamiento de la muestra, interferencias y estándares. -Tamaño de la muestra y componentes mayoritarios, minoritarios, trazas y ultrazas. -Electrónica y ruido. -Métodos electroquímicos. -Introducción a la espectrometría. -Espectrometría del análisis elemental.
526 _aSEG44
526 _aSEG26
526 _aP159
526 _aP155
526 _aP154
526 _aP153
526 _aP150
526 _aP100
526 _aP31
526 _aP30
526 _aP26
526 _aP25
526 _aP24
526 _aP22
526 _aP15
526 _aP10
541 _g001-000081;
650 1 4 _aFísica
_vManuales de Laboratorio.
650 2 4 _aQuímica analítica
_vManuales de laboratorio.
700 1 _aRubinson, Judith F.
942 _2ddc
_cBOOK
949 _a545.072 R91
_wDEWEY
_c1
_i56075
_lCCODEBUL1
_mBUL
_p26.00
_r0
_sY
_tBOOK
_u2015-6-25
_xINGENIERIA
_PP27
_0COMPRA
_o.STAFF. Colección General
994 _aC0
_bPEPRU
596 _a1
999 _a545.072 R91
_wDEWEY
_c44904
_i56075
_d44904
_e2019-5-22
_f2021-11-5
_g7
_lCCODEBUL1
_mBUL
_n1
_p26.00
_q1
_r0
_sN
_tBOOK
_u2015-6-25
_xBIBLIOTECA
_PP27
_0COMPRA
_o.STAFF. Colección General
980 _81
_gALBERTO SANCHEZ Responsable de Automatización